Experimentálna jadrová fyzika /
Guardado en:
| Autor principal: | |
|---|---|
| Formato: | Libro |
| Lenguaje: | eslovaco |
| Publicado: |
Bratislava :
Alfa,
1982
|
| Edición: | 1.vyd. |
| Materias: | |
| Etiquetas: |
Sin Etiquetas, Sea el primero en etiquetar este registro!
|
MARC
| LEADER | 00000nam a22000003a 4500 | ||
|---|---|---|---|
| 001 | stu35976 | ||
| 005 | 20150617225731.5 | ||
| 008 | 920519s1982----cs------------------slo-d | ||
| 040 | |a STU |b slo | ||
| 041 | 0 | |a slo | |
| 044 | |a cs | ||
| 080 | |a 539.1(075.8) | ||
| 100 | 1 | |a Usačev, Sergej |4 xxx | |
| 245 | 1 | |a Experimentálna jadrová fyzika / |c Sergej Usačev a kol | |
| 250 | |a 1.vyd. | ||
| 260 | |a Bratislava : |b Alfa, |c 1982 | ||
| 300 | |a 544 s | ||
| 650 | 7 | |a Fyzika jadrová experimentálna |2 stusub | |
| 996 | |b 284M019359 |c M*1606-1 |l MMKN |s A |a 24 |w stu35976_0001 | ||